| 000 | 00571nam a2200217Ia 4500 | ||
|---|---|---|---|
| 003 | OSt | ||
| 005 | 20220926044748.0 | ||
| 006 | a|||||r|||| 00| 0 | ||
| 007 | ta | ||
| 008 | 220923b |||||||| |||| 00| 0 eng d | ||
| 037 | _cGeneral Book | ||
| 040 |
_aRTL _cRTL _beng |
||
| 041 |
_2eng _aeng |
||
| 082 | _aX:92z7, H5 D&W | ||
| 100 |
_aJones D C _9349406 |
||
| 245 | 0 |
_aFull employment and state control _b A symposium on t |
|
| 260 | _c1945 | ||
| 300 |
_a146p _ccm. |
||
| 942 |
_hX:92z7, H5 D&W _cGB _2CC |
||
| 999 |
_c675735 _d675735 |
||